000 00728nam a2200217 a 4500
001 000026753
003 DO-SdBNP
005 20211014150456.0
007 ta
008 110325s1974 dr 000 0 spa d
040 _aDO-SdBNP
_bspa
_cBNPHU
049 _aBNPD
082 4 _222
_aBNPHU
_bS612
111 2 _aSimposio nacional sobre política tributaria como instrumento para el desarrollo
_d1974 jun. 24-28
_cSanto Domingo
_953861
245 1 0 _aDocumentos y conclusiones /
_cprólogo Julio C. Estrella.
260 _aSanto Domingo :
_bSecretaría de Estado de Finanzas,
_c1974.
300 _av. ;
_c27 cm.
500 _aLa biblioteca posee el volumen 1 y 2
700 1 _aEstrella, Julio C.,
_epról.
_932040
942 _2ddc
_cLBS1
999 _c26245
_d26245